| 000 | 00830nas a2200265 4500 | ||
|---|---|---|---|
| 001 | BR2010004725 | ||
| 003 | BR-BrBNA | ||
| 005 | 20231205114309.0 | ||
| 007 | ta | ||
| 008 | 230509b bl.|||p| |||| 00| 00por d | ||
| 040 |
_aBR-BrBNA _bpor _cBiblioteca Nacional de Agricultura |
||
| 041 | _a(Pt) | ||
| 072 | _aF07 | ||
| 100 | 1 | _aPereira, M.G. | |
| 100 | 1 | _aLoss, A. | |
| 100 | 1 | _aBeutler, S.J. | |
| 100 | 1 | _aTorres, J.L.R. | |
| 245 | 1 | _aCarbono, matéria orgânica leve e fósforo remanescente em diferentes sistemas de manejo do solo | |
| 650 | _aPLANTA DE COBERTURA | ||
| 650 | _aPLANTIO DIRETO | ||
| 650 | _aMANEJO DO SOLO | ||
| 773 | 0 |
_tPesquisa Agropecuária Brasileira (Brazil) _xISSN 0100-204X _g(May 2010), v. 45(5) p. 508-514 _wBR2010004725 |
|
| 909 |
_a202311 _bLúcia _c55 _dLúcia Elande |
||
| 942 |
_2AGRIS _n0 _cANA |
||
| 999 |
_c208086 _d208086 |
||